Toy story 3 (Registro nro. 306920)

Detalles MARC
000 -ENCABEZADO
Número de control [NR] 00940cam a2200277Ia 4500
001 - NÚMERO DE CONTROL
control field ocn859682490
005 - FECHA Y HORA DE LA ÚLTIMA TRANSACCIÓN
control field 20180312142021.0
008 - DE LONGITUD FIJA DE DATOS DE ELEMENTOS - INFORMACIÓN GENERAL
Elementos de longitud fija [NR] 170712s2013 mx a j 000 1 spa d
020 ## - NUMERO INTERNACIONAL NORMALIZADO PARA LIBROS [R]
Número Internacional Normalizado del libro [NR] 9786074233063
020 ## - NUMERO INTERNACIONAL NORMALIZADO PARA LIBROS [R]
Número Internacional Normalizado del libro [NR] 6074233063
040 ## - FUENTE DE CATALOGACION [NR]
Agencia de catalogación original [NR] Co-BoUCM
Idioma de catalogación [NR] spa
Quien Cataloga Saul Niño
Quien Clasifica Saul Niño
041 0# - CODIGO DE IDIOMA [R]
Código de idioma para texto/pista de sonido o título separado [R] Español
110 2# - ASIENTO PRINCIPAL--NOMBRE CORPORATIVO [NR]
Nombre corporativo o de jurisdicción como elemento de entrada [NR] Disney Pixar
ID de autoridad 86533
245 00 - MENCION DE TITULO [NR]
Título [NR] Toy story 3
Parte restante del título [NR] una nueva aventura
Mención de responsabilidad, etc. [NR] Disney
246 3# - FORMA VARIANTE DEL TITULO [R]
Título propiamente dicho/forma breve del título [NR] Cuento y actividades
260 ## - PUBLICACION, DISTRIBUCION, ETC. (PIE DE IMPRENTA) [R]
Lugar de publicación, distribución, etc. [R] México
Nombre del editor, distribuidor, etc. [R] Cordillera
Fecha de publicación, distribución, etc. [R] 2013
300 ## - DESCRIPCION FISICA [R]
Extensión [R] 48 páginas
Otros detalles físicos [NR] ilustraciones
500 ## - NOTA GENERAL [R]
Nota general [NR] Subtítulo de caratula
520 ## - NOTA DE RESUMEN, ETC. [R]
Nota de sumario, etc. [NR] "Ahora que Andy va a asistir al colegio, tiene que decidir qué hacer con sus juguetes ..."--Cover.
650 #7 - ASIENTO SECUNDARIO DE MATERIA - TERMINO TEMATICO [R]
Término temático o nombre geográfico como elemento de entrada [NR] Personajes literarios
9 (RLIN) 21397
650 #7 - ASIENTO SECUNDARIO DE MATERIA - TERMINO TEMATICO [R]
Término temático o nombre geográfico como elemento de entrada [NR] Cuentos infantiles
9 (RLIN) 12283
650 #7 - ASIENTO SECUNDARIO DE MATERIA - TERMINO TEMATICO [R]
Término temático o nombre geográfico como elemento de entrada [NR] Libros ilustrados para niños
9 (RLIN) 18516
650 #7 - ASIENTO SECUNDARIO DE MATERIA - TERMINO TEMATICO [R]
Término temático o nombre geográfico como elemento de entrada [NR] Juguetes
9 (RLIN) 18143
942 ## - ELEMENTOS DE ENTRADA AGREGADOS (KOHA)
Sistema de clasificación DEWEY
Tema principal Literatura
Tipo de ítem principal el descrito en 300a Libro
Edición 1
Clasificación 813.6
Parte restante de la signatura top. D612u
Título oculto en OPAC No
Existencias
Fecha de último préstamo Total préstamos Total Renewals Signatura topográfica Código de barras Última vez visto Ejemplar Costo de reposición Price effective from Tipo de ítem Nota pública (OPAC) Perdido Sistema de clasificación Dañado No prestable Tipo de ítem específico Suprimido Ubicación habitual Ubicación actual Localización Fecha de creación Proveedor Forma de adquisición Costo
06/04/2026 23 9 813.6 D612u 100153488 08/04/2026 Ej.1 26000.00 05/07/2017 Libro Spot Literatura Infantil   DEWEY     Libro   Quinta de Mutis Quinta de Mutis Mezanecs 05/07/2017 12 Donación 26000.00